00874nam a22002297a 450000500170000001000150001702000260003203500140005803700090007208200130008110000230009424500610011725000060017826000490018427001190023330000190035250000410037170000340041294200270044699900190047395201520049220250128151207.0 aENG-143666 a9789355015419c350.00 aEN-127198 bDBAD a620.121 aHemne, P S 977244 aMechanics (Semester I)/cby P S Hemne [and] D. S. Mathur a1 aNew DelhibS Chand and Company Limitedc2023 a A-27, 2nd Floor, Mohan Co-operative Industrial EstatebNew Delhie110044minfo@schandpublishing.comk011-49731800 avpp.c23cm(pb) aNEP 2020 for the University of Delhi aMathur, D. S. eAuthor974965 2ddccENh620.1mHEMe1 c208853d208853 001040708NFICaLbLd2025-01-28eDelivery of Books Act Divisiong350.00l0o620.1 HEMpEN-127198r2025-01-28 00:00:00t1v350.00w2025-01-28yEN